000 00801nam a22002057a 4500
008 090101t xxu||||| |||| 00| 0 eng d
010 _aENG-92344
020 _c200.00
035 _aEN-75877
037 _bDBAD / PUB
040 _adpl
_bEnglish
082 _a181.46
100 _aRao, M. Bhimasen
245 _aReflections on bhaja Govindam (Moha-Mudgara) of Jagadguru Sankaracharya /
_cby M. Bhimasen Rao
260 _aBerhampur (Ganjam)
_bSri M. Bhimasen Rao
270 _a2nd Military Lines
_bBerhampur
_e760001
300 _axii, 171p.:
_bill.
_c24cm (pbk)
942 _2ddc
_cEN
_mRAO
_h181.46
999 _c20466
_d20466